000 00406nam a2200181Ia 4500
008 100917s9999 xx 000 0 und d
082 _b17208
100 _a---
245 _aबीज गणित
260 _b---
300 _a148
365 _b0
520 _aगणित
630 _aबीज गणित
650 _aगणित
730 _aबीज गणित
942 _cBOOK
999 _c622602
_d622599